000 01995nam0a2200397 4500
001 RU\NLR\bibl\1402021
005 20250615204415.0
010 _a978-5-8459-1522-1
_91000
021 _aRU
_b2009-46162
_92807
035 _a(nilc)RSL-KNO-004341566
035 _a(NLR Aleph) 001394026
090 _a1180414
_c1180414
100 _a20090529d2009 |||y0rusy50 ca
101 1 _arus
_ceng
102 _aRU
_aUA
105 _ay |||||||||
200 1 _aАнализ финансовой отчетности компаний
_fБенджамин Грэхем и Спенсер Б. Мередит
_gввед. Майкла Ф. Прайса
_g[пер. с англ. и ред. О. Л. Пелявского]
205 _aКлассическое изд. 1937 г.
210 _aМосква [и др.]
_cВильямс
_d2009
215 _a132, [1] с.
_d22
300 _aЗагл. и авт. ориг.: Interpretation of financial statements / Benjamin Graham, Spencer B. Meredith
320 _aПредм. указ. в конце кн.
454 0 _12001#$aInterpretation of financial statements$fBenjamin Graham, Spencer B. Meredith
_1700#1$aGraham$bB.$gBenjamin$4070
_1701#1$aMeredith$bS. B.$gSpencer B$4070
_tInterpretation of financial statements
_aGraham, Benjamin
606 1 _aФинансы
_xБухгалтерский учет
_xОтчетность
_92572032
_3RU\NLR\auth\661520923
610 0 _aЭкономика -- Экономический анализ -- Капиталистические страны -- Предприятие -- Финансы предприятия
610 0 _aфинансовый анализ
686 _aУ053.829-93,0
_2rubbk
686 _aУ052.02-15
700 1 _aГрэхем
_bБ.
_f1894-1976
_gБенджамин
_4070
701 1 _aМередит
_bС. Б.
_gСпенсер Б
_4070
801 0 _aRU
_bРГБ
_c20090529
_grcr
801 1 _aRU
_bРГБ
_c20090529
801 2 _aRU
_bNLR
_c20090817
_grcr
942 _cBOOK
980 _aNB